| Tag |
First Indicator |
Second Indicator |
Subfields |
| LEADER |
00000cam a2200000Ia 4500 |
| 001 |
in00002080095 |
| 005 |
20151102132131.0 |
| 008 |
910826s1959 waua b 000 0 eng d |
| 035 |
|
|
|a (OCoLC)ocm24293799
|
| 040 |
|
|
|a AFM
|c AFM
|d OLA
|d IUL
|d TXA
|d UtOrBLW
|
| 043 |
|
|
|a n-usm--
|
| 049 |
|
|
|a TXAM
|
| 086 |
0 |
|
|a C 30.44:35
|
| 090 |
|
|
|a QC925.1
|b .U792 no.35
|
| 100 |
1 |
|
|a Myers, Vance A.
|
| 245 |
1 |
0 |
|a Meteorology of hypothetical flood sequences in the Mississippi River Basin /
|c by Vance A. Myers.
|
| 264 |
|
1 |
|a Washington, D.C. :
|b U.S. Dept. of Commerce, Weather Bureau :
|b U.S. Dept. of Army, Corps of Engineers,
|c [1959]
|
| 300 |
|
|
|a vi, 45 pages :
|b illustrations ;
|c 26 cm.
|
| 336 |
|
|
|a text
|b txt
|2 rdacontent
|
| 337 |
|
|
|a unmediated
|b n
|2 rdamedia
|
| 338 |
|
|
|a volume
|b nc
|2 rdacarrier
|
| 490 |
1 |
|
|a Hydrometeorological report ;
|v no. 35
|
| 650 |
|
0 |
|a Meteorology
|z Mississippi River Watershed.
|
| 650 |
|
0 |
|a Flood forecasting
|z Mississippi River Watershed.
|
| 650 |
|
0 |
|a Rainstorms
|z Mississippi River Watershed.
|
| 710 |
1 |
|
|a United States.
|b Weather Bureau.
|
| 710 |
1 |
|
|a United States.
|b Army.
|b Corps of Engineers.
|
| 710 |
1 |
|
|a United States.
|b Hydrologic Services Division.
|b Hydrometeorological Section.
|
| 830 |
|
0 |
|a Hydrometeorological report (Silver Spring, Md.) ;
|v no. 35.
|
| 994 |
|
|
|a C0
|b TXA
|
| 999 |
|
|
|a MARS
|
| 999 |
f |
f |
|s a36c790c-dbe8-3b38-becd-4ae8bf7acf0b
|i 91a16750-5703-338f-9184-ba01d3e809d8
|t 0
|
| 952 |
f |
f |
|p normal
|a Texas A&M University
|b College Station
|c Sterling C. Evans Library
|d Evans: US Documents (Annex 5th floor)
|t 0
|e C 30.44:35
|h Superintendent of Documents classification
|i unmediated -- volume
|m A14832390488
|
| 998 |
f |
f |
|a C 30.44:35
|t 0
|l Evans: US Documents (Annex 5th floor)
|